Compreender o colesterol (Registo nº 1095)

Detalhes MARC
000 -Etiqueta do registo
Cabeçalho 00897nam a2200313 i 4500
005 - Identificador da versão
Campo de controlo 20240813121825.0
010 ## - Número internacional normalizado dos livros (ISBN)
Número (ISBN) 9789720351081
021 ## - Número do Depósito Legal
Código do país PT
Número 246495/06
100 ## - Dados gerais de processamento
Dados gerais de processamento 20081007e2007 m y0pory5003 ba
102 ## - Pais de publicação ou produção
País de publicação Portugal
101 1# - Língua de publicação
Língua do texto, banda sonora, etc. Português
Língua do documento no original Inglês
106 ## - Campo de dados codificados: material textual
Dados codificados do material textual r
105 ## - Campo de dados codificados: livros
Dados codificados dos livros a z 001yy
215 ## - Descrição física 
Indicação específica da natureza do documento e extensão da espécie 96 p.
Outras indicações físicas il.
Dimensões 19 cm
200 1# - Titulo e menção de responsabilidade
Título próprio Compreender o colesterol
Primeira menção de responsabilidade Mike Laker
Outras menções de responsabilidade adapt. Joana Seixas
-- rev. cient. Paulo Barbosa
225 2# - Colecção 
Título próprio da colecção Guia de saúde
205 ## - Menção da edição
Menção da edição [1a ed.
Outras menções de edição 1a reimp.]
210 ## - Publicação, Distribuição, etc. 
Lugar da edição, distribuição, etc. Porto
Nome do editor, distribuidor, etc. Porto Editora
Data da publicação, distribuição, etc. 2007
304 ## - Notas relativas a título e menção de responsabilidade 
Texto da nota Tít. orig.: Understanding cholesterol
675 ## - Classificação Decimal Universal (CDU)
Notação 612.397(035)
Edição BN
Língua da edição por
Notação 613.2(035)
Edição BN
Língua da edição por
702 #1 - Nome de autor-pessoa física (responsabilidade secundária)
Número de registo de entrada de autoridade 0001481
Palavra de ordem Barbosa
Outra parte do nome não tomada para palavra de ordem Paulo
Código de função Revisor
Número de registo de entrada de autoridade 0001466
ID Autoridade 1
Palavra de ordem Seixas
Outra parte do nome não tomada para palavra de ordem Joana
Código de função Tradutor
700 #1 - Nome de autor-pessoa física (responsabilidade principal)
Número de registo de entrada de autoridade 0001480
Palavra de ordem Laker
Outra parte do nome não tomada para palavra de ordem Mike
942 ## - Elementos de entrada adicionados (Koha)
Tipo de item no Koha Livro
Exemplares
Situação do levantamento Origin of item (home branch) (coded) Biblioteca de empréstimo Código de barras Cota Circulation type (not for loan) Tipo de documento Nota do exemplar Damaged status
  Biblioteca Escolar Eng. Nuno Mergulhão Biblioteca Escolar Eng. Nuno Mergulhão BENM1983 612 LAK   Livro Sem mensagem